[Event "Belgrade-chT Quality"]
[Site "Belgrade"]
[Date "2022.10.10"]
[Round "9.5"]
[White "Savic, Mihailo S"]
[Black "Petric, Borislav"]
[Result "1/2-1/2"]
[WhiteElo "2146"]
[BlackElo "2099"]
[PlyCount "99"]
[EventDate "2022.10.01"]
[EventType "team-tourn"]
[EventRounds "11"]
[EventCountry "SRB"]
[SourceTitle "EXT 2024"]
[Source "ChessBase"]
[SourceDate "2023.10.10"]
[SourceVersion "1"]
[SourceVersionDate "2023.10.10"]
[SourceQuality "1"]
[WhiteTeam "Belgrade Belgrade"]
[BlackTeam "Belgrade Mirijevo"]
[WhiteTeamCountry "SRB"]
[BlackTeamCountry "SRB"]

1. e4 c6 2. d4 d5 3. exd5 cxd5 4. Bd3 Nf6 5. Ne2 Nc6 6. 0-0 e6 7. c3 h6 8. Ng3 Bd6 9. Nh5 Nxh5 10. Qxh5 Qf6 11. Nd2 Bd7 12. Re1 0-0-0 13. Bb5 Rhe8 14. Nf3 Qf5 15. Qxf5 exf5 16. Bd2 f6 17. b4 g5 18. a4 Ne7 19. Bd3 Ng6 20. g3 Re4 21. Rec1 Re7 22. Ne1 h5 23. Ng2 Rg7 24. f3 h4 25. Kf2 f4 26. gxh4 Rh8 27. hxg5 Rxh2 28. Rh1 Rxh1 29. Rxh1 fxg5 30. Rh6 Be8 31. b5 Kc7 32. c4 dxc4 33. Bxc4 Ne7 34. Ba5+ b6 35. Bc3 Nf5 36. Rh8 Re7 37. Bd3 Ne3 38. Bd2 Nd1+ 39. Kf1 Ne3+ 40. Bxe3 fxe3 41. Ke2 Bf4 42. Be4 Bf7 43. Nxe3 Bxe3 44. Kxe3 g4 45. Kf4 gxf3 46. Bxf3 Bb3 47. Rh2 Bxa4 48. Ra2 Bxb5 49. Rxa7+ Kd6 50. Rxe7 1/2-1/2

[Event "Belgrade Premier League"]
[Site "Belgrade"]
[Date "2021.10.07"]
[Round "6.5"]
[White "Petric, Borislav"]
[Black "Bjelanovic, Mile"]
[Result "1/2-1/2"]
[WhiteElo "2101"]
[BlackElo "2041"]
[PlyCount "54"]
[EventDate "2021.10.01"]
[EventType "team-tourn"]
[EventRounds "11"]
[EventCountry "SRB"]
[SourceTitle "CBM 204 Extra"]
[Source "ChessBase"]
[SourceDate "2021.11.30"]
[SourceVersion "1"]
[SourceVersionDate "2021.11.30"]
[SourceQuality "1"]
[WhiteTeam "Mirijevo"]
[BlackTeam "Belgrade Napredak"]
[WhiteTeamCountry "SRB"]
[BlackTeamCountry "SRB"]

1. Nf3 Nf6 2. d4 d6 3. c4 Nbd7 4. Nc3 e5 5. Bg5 Be7 6. Qc2 0-0 7. 0-0-0 exd4 8. Nxd4 Ne8 9. Bf4 Bg5 10. e3 Nc5 11. h4 Bxf4 12. exf4 c6 13. f5 Qa5 14. g4 Bd7 15. g5 f6 16. Bh3 b5 17. Nb3 Nxb3+ 18. Qxb3 bxc4 19. Qxc4+ Kh8 20. Rde1 Bxf5 21. Re7 Bxh3 22. Rxh3 fxg5 23. Qxc6 Nf6 24. Qxd6 gxh4 25. Re5 Qb6 26. Qxb6 axb6 27. Rxh4 Ra5 1/2-1/2

[Event "Belgrade-chT"]
[Site "Belgrade"]
[Date "2020.10.11"]
[Round "7.5"]
[White "Mihajlovic, Miodrag"]
[Black "Petric, Borislav"]
[Result "1/2-1/2"]
[WhiteElo "2078"]
[BlackElo "2130"]
[PlyCount "39"]
[EventDate "2020.10.04"]
[EventType "team-tourn"]
[EventRounds "9"]
[EventCountry "SRB"]
[SourceTitle "EXT 2022"]
[Source "ChessBase"]
[SourceDate "2021.10.06"]
[SourceVersion "1"]
[SourceVersionDate "2021.10.06"]
[SourceQuality "1"]
[WhiteTeam "Belgrade Radnicki"]
[BlackTeam "Mirjevo"]
[WhiteTeamCountry "SRB"]
[BlackTeamCountry "SRB"]

1. Nf3 Nf6 2. g3 d5 3. Bg2 e6 4. d3 Be7 5. 0-0 0-0 6. c3 b6 7. Nbd2 Bb7 8. Re1 Nbd7 9. h3 a5 10. a4 Re8 11. Nf1 e5 12. Bg5 h6 13. Bxf6 Bxf6 14. N3d2 Nc5 15. Nb3 Be7 16. Nxc5 Bxc5 17. Qb3 Qd7 18. e3 Bf8 19. Qa2 Rad8 20. Red1 1/2-1/2

[Event "Belgrade-chT"]
[Site "Belgrade"]
[Date "2020.10.10"]
[Round "6.6"]
[White "Gvozdenovic, Milos"]
[Black "Petric, Borislav"]
[Result "1-0"]
[WhiteElo "1980"]
[BlackElo "2130"]
[PlyCount "73"]
[EventDate "2020.10.04"]
[EventType "team-tourn"]
[EventRounds "9"]
[EventCountry "SRB"]
[SourceTitle "EXT 2022"]
[Source "ChessBase"]
[SourceDate "2021.10.06"]
[SourceVersion "1"]
[SourceVersionDate "2021.10.06"]
[SourceQuality "1"]
[WhiteTeam "Belgrade PTT"]
[BlackTeam "Mirjevo"]
[WhiteTeamCountry "SRB"]
[BlackTeamCountry "SRB"]

1. d4 Nf6 2. Nf3 d5 3. Bf4 e6 4. e3 Be7 5. c3 0-0 6. h3 c5 7. Bd3 Nc6 8. Nbd2 Qb6 9. Rb1 a5 10. 0-0 h6 11. Ne5 a4 12. a3 Bd7 13. Nxd7 Nxd7 14. Nf3 Rfd8 15. Ne5 Ncxe5 16. dxe5 Bg5 17. Bg3 f5 18. exf6 Bxf6 19. Bc2 Qc6 20. Qg4 Nf8 21. e4 d4 22. e5 Be7 23. Rfd1 Qe8 24. cxd4 c4 25. Be4 Ra5 26. Bxb7 Rb8 27. Be4 Rab5 28. Qe2 c3 29. bxc3 Rxb1 30. Rxb1 Rxb1+ 31. Bxb1 Bxa3 32. Ba2 Qg6 33. d5 exd5 34. Bxd5+ Kh8 35. Qa2 Bc5 36. Qc4 Qxg3 37. Qxc5 1-0

[Event "Belgrade-chT"]
[Site "Belgrade"]
[Date "2020.10.07"]
[Round "4.4"]
[White "Petkovic, Jovan"]
[Black "Petric, Borislav"]
[Result "1/2-1/2"]
[WhiteElo "2041"]
[BlackElo "2130"]
[PlyCount "71"]
[EventDate "2020.10.04"]
[EventType "team-tourn"]
[EventRounds "9"]
[EventCountry "SRB"]
[SourceTitle "EXT 2022"]
[Source "ChessBase"]
[SourceDate "2021.10.06"]
[SourceVersion "1"]
[SourceVersionDate "2021.10.06"]
[SourceQuality "1"]
[WhiteTeam "Grocka Pobednik"]
[BlackTeam "Mirjevo"]
[WhiteTeamCountry "SRB"]
[BlackTeamCountry "SRB"]

1. e4 c6 2. d4 d5 3. e5 Bf5 4. Nf3 e6 5. Be2 Nd7 6. 0-0 Ne7 7. b3 a6 8. c4 c5 9. dxc5 Nxc5 10. Nc3 dxc4 11. Bxc4 Qxd1 12. Rxd1 Nc6 13. Bf4 Be7 14. Nd4 Nxd4 15. Rxd4 g5 16. Be3 Rc8 17. Rc1 Nd7 18. Ne4 Bxe4 19. Rxe4 b5 20. Be2 Rxc1+ 21. Bxc1 0-0 22. Be3 Rc8 23. a4 Rc2 24. Bf1 Nc5 25. Bxc5 Bxc5 26. Re2 Rxe2 27. Bxe2 bxa4 28. bxa4 a5 29. g4 Bd4 30. Kg2 Bxe5 31. Bd3 Kg7 32. h3 h6 33. Kf3 Bd4 34. Kg3 Be5+ 35. Kf3 Bd4 36. Kg3 1/2-1/2

[Event "Belgrade-chT"]
[Site "Belgrade"]
[Date "2019.09.25"]
[Round "3.3"]
[White "Petric, Borislav"]
[Black "Radusinovic, Lazar"]
[Result "1/2-1/2"]
[WhiteElo "2142"]
[BlackElo "2358"]
[PlyCount "23"]
[EventDate "2019.09.23"]
[EventType "team-tourn"]
[EventRounds "11"]
[EventCountry "SRB"]
[SourceTitle "EXT 2020"]
[Source "ChessBase"]
[SourceDate "2019.10.17"]
[SourceVersion "1"]
[SourceVersionDate "2019.10.17"]
[SourceQuality "1"]
[WhiteTeam "Mirijevo"]
[BlackTeam "Lasta"]
[WhiteTeamCountry "SRB"]
[BlackTeamCountry "SRB"]

1. e4 c5 2. Nc3 Nc6 3. Nf3 d6 4. Bb5 Bd7 5. 0-0 g6 6. d4 cxd4 7. Nxd4 Bg7 8. Be3 Nf6 9. h3 0-0 10. Be2 a6 11. f4 Rc8 12. Kh1 1/2-1/2

[Event "Belgrade-chT Quality"]
[Site "Belgrade"]
[Date "2018.09.28"]
[Round "11.6"]
[White "Tatisic, Milan"]
[Black "Petric, Borislav"]
[Result "1/2-1/2"]
[WhiteElo "2085"]
[BlackElo "2147"]
[PlyCount "33"]
[EventDate "2018.09.17"]
[EventType "team-tourn"]
[EventRounds "11"]
[EventCountry "SRB"]
[SourceTitle "CBM 186 Extra"]
[Source "ChessBase"]
[SourceDate "2018.08.24"]
[SourceVersion "1"]
[SourceVersionDate "2018.08.24"]
[SourceQuality "1"]
[WhiteTeam "Bogoslov"]
[BlackTeam "Mirijevo"]
[WhiteTeamCountry "SRB"]
[BlackTeamCountry "SRB"]

1. Nf3 d5 2. d4 Nf6 3. c4 e6 4. cxd5 exd5 5. Bg5 h6 6. Bxf6 Qxf6 7. Nc3 c6 8. e3 Bd6 9. h3 0-0 10. Bd3 Bf5 11. Qc2 Bxd3 12. Qxd3 Nd7 13. 0-0 Rfe8 14. Rfe1 Bf8 15. a3 Rad8 16. b4 Re6 17. Na4 1/2-1/2

[Event "Belgrade-chT"]
[Site "Belgrade"]
[Date "2005.10.07"]
[Round "7"]
[White "Asik, Josip"]
[Black "Petric, Borislav"]
[Result "1/2-1/2"]
[WhiteElo "2314"]
[BlackElo "2189"]
[PlyCount "31"]
[EventDate "2005.10.01"]
[EventType "team-tourn"]
[EventRounds "9"]
[EventCountry "YUG"]
[SourceTitle "CBM 108 Extra"]
[Source "ChessBase"]
[SourceDate "2005.11.04"]
[SourceVersion "1"]
[SourceVersionDate "2005.11.04"]
[SourceQuality "1"]

1. e4 c6 2. Nf3 d5 3. Nc3 dxe4 4. Nxe4 Nf6 5. Nxf6+ exf6 6. d4 Bd6 7. Be3 0-0 8. h3 Qa5+ 9. c3 Re8 10. Be2 Nd7 11. 0-0 Nf8 12. Re1 Bf5 13. Nh4 Be4 14. Bd3 Bg6 15. Nxg6 Nxg6 16. Bxg6 1/2-1/2